Word Ladder: Pixar Movies Quiz Stats

 Plays Quiz Updated Dec 7, 2017

Score 0/31 Timer 04:00
6 Plays Today
Hint 4-Letter Word % Correct
☆ Finding ___ (2003) ☆• NEMO •
99.8%
Office note, for shortMEMO
92.8%
A feline in bootsPUSS
89.3%
☆ ___-E (2008) ☆• WALL •
88.9%
Contagious online ideaMEME
86.3%
'Not a ____ in the world'CARE
86.3%
☆ Finding ___ (2016) ☆• DORY •
85%
Elevator, in the UKLIFT
85%
Discounted price eventSALE
84.6%
Eve, to AdamWIFE
84.5%
Endowed with heightTALL
84.3%
Opposite of failPASS
82.5%
'A whale of a ___'TALE
82.3%
Mr. Coyote's first nameWILE
82%
Foal's mumMARE
81.4%
Last testamentWILL
81.3%
Hint 4-Letter Word % Correct
A deadly sinLUST
80.8%
Has toMUST
80.5%
☆ A ___ ___ (1998) (with rung 12) ☆• LIFE •
80.4%
Broadway's AuntieMAME
78.8%
Violently bloodyGORY
77.9%
☆ ___ (2006) ☆• CARS •
77.7%
Inventory, registerLIST
77%
Adorable little dogsPUGS
75.9%
Elliot of 'The Mamas & the Papas'CASS
74.9%
'An Inconvenient Truth' campaignerGORE
72.9%
Resentful or achySORE
71.1%
☆ A ___ ___ (1998) (with rung 19) ☆• BUG'S •
70.9%
Dover ___SOLE
70.8%
Create a little disorder, like in hairMUSS
68.5%
KissBUSS
61.1%

Today's Daily Dose

Missing Word
TV IA - IZ

Word Ladder
Home Improvement

Get the Picture
Wrist or Ankle Bones

You're not logged in!

Compare scores with friends on all Sporcle quizzes.
OR
Log In

You Might Also Like...

Show Comments

Extras

Top Quizzes Today


Score Distribution

Your Account Isn't Verified!

In order to create a playlist on Sporcle, you need to verify the email address you used during registration. Go to your Sporcle Settings to finish the process.

Report this User

Report this user for behavior that violates our Community Guidelines.

Details: